000 00502nam a22001817a 4500
003 MPLRDC
005 20220104142329.0
008 210129b ||||| |||| 00| 0 eng d
020 _a978-986-6700-56-9
082 _a805.188 LIVE
100 _aLIVEABC 互动英语教学集团 编译
245 _aSTEP BY STEP 图解生活英语
_c
250 _a初版
260 _a台湾
_b希伯仑股份有限公司
_c2009
300 _bCD 一片
650 _a英语会话读本
942 _cBK
_o805.188 LIVE
999 _c29940
_d29930